000 00698nam a2200241Ia 4500
003 OSt
005 20220926000721.0
006 a|||||r|||| 00| 0
007 ta
008 220923b |||||||| |||| 00| 0 eng d
020 _a8185182639
037 _cGeneral Book
040 _aRTL
_cRTL
_beng
041 _2eng
_aeng
082 _aX:57, N2
100 _aAhmad Khan Masood
_9257362
245 0 _aEuro-currency market
_b Structure and working
260 _a New Delhi
_bIndus Publishing Company India
_c1992
300 _a303p. Bibliography p.291-300
_ccm.
650 _aForeign Exchange
942 _hX:57, N2
_cGB
_2CC
999 _c599481
_d599481